The Raven Quiz Stats

 Plays Quiz Updated May 4, 2020

Support Sporcle.
Go Orange.
Score 0/108 Timer 15:00
1 Play Today
Beginning of Line End of Line % Correct
Over many a quaint and curious volume offorgotten lore
76.9%
Once upon a midnight dreary,while I pondered, weak and weary,
73.7%
Only this,and nothing more.'
71.4%
While I nodded, nearly napping,suddenly there came a tapping,
63.9%
As of some one gently rapping,rapping at my chamber door.
61.9%
Nameless herefor evermore.
50.8%
Ah, distinctly I rememberit was in the bleak December,
47.2%
Quoth the Raven,'Nevermore.'
46.4%
This it is,and nothing more.'
46.1%
''Tis some visitor,' I muttered,'tapping at my chamber door-
42.6%
Darkness there,and nothing more.
41.4%
And each separate dying emberwrought its ghost upon the floor.
40.3%
From my books surcease of sorrow-sorrow for the lost Lenore-
40.2%
Merely this,and nothing more.
40%
'Tis the windand nothing more.'
37.8%
With such name as'Nevermore.'
37.3%
''Tis some visitor entreating entranceat my chamber door-
37.2%
Quoth the Raven,'Nevermore.'
37.1%
Then the bird said,'Nevermore.'
36.8%
Some late visitor entreating entranceat my chamber door;-
35.8%
Meant in croaking'Nevermore.'
34.9%
Shall be lifted-nevermore!
34.8%
Eagerly I wished the morrow;-vainly I had sought to borrow
34.5%
And so faintly you came tapping,tapping at my chamber door,
33.9%
Quoth the Raven,'Nevermore.'
33.7%
Of 'Never-nevermore'.'
33.3%
And the silken sad uncertainrustling of each purple curtain
33.2%
Perched, and sat,and nothing more.
32.9%
She shall press, ah,nevermore!
32.6%
Quoth the Raven,'Nevermore.'
32.6%
Quoth the Raven,'Nevermore.'
31.6%
For the rare and radiant maidenwhom the angels name Lenore-
30.6%
So that now, to still the beatingof my heart, I stood repeating,
29.1%
Doubting, dreaming dreams no mortalsever dared to dream before;
28.7%
Presently my soul grew stronger;hesitating then no longer,
28.1%
Thrilled me- filled me withfantastic terrors never felt before;
26.9%
Beginning of Line End of Line % Correct
'Sir,' said I, 'or Madam,truly your forgiveness I implore;
26.8%
That I scarce was sure I heard you'-here I opened wide the door;-
26.5%
But the fact is I was napping,and so gently you came rapping,
26.2%
And the only word there spokenwas the whispered word, 'Lenore!'
25%
Back into the chamber turning,all my soul within me burning,
23.1%
Deep into that darkness peering,long I stood there wondering, fearing,
22.8%
Perched upon a bust of Pallasjust above my chamber door-
22.6%
Soon again I heard a tappingsomewhat louder than before.
21.8%
Then this ebony bird beguilingmy sad fancy into smiling,
21.6%
'Surely,' said I, 'surely that issomething at my window lattice:
21.6%
Open here I flung the shutter, when,with many a flirt and flutter,
21.4%
Let me see, then, what thereat is,and this mystery explore-
21.4%
'Though thy crest be shorn and shaven, thou,' I said,'art sure no craven,
21.2%
Not the least obeisance made he;not a minute stopped or stayed he;
20.5%
Let my heart be still a momentand this mystery explore;-
20.5%
But, with mien of lord or lady,perched above my chamber door-
20.4%
In there stepped a stately ravenof the saintly days of yore;
20.3%
But the silence was unbroken,and the stillness gave no token,
19.4%
Though its answer little meaning-little relevancy bore;
18.8%
This I whispered, and an echomurmured back the word, 'Lenore!'-
18.6%
That one word, as if his soul in that one wordhe did outpour.
17.3%
By the grave and stern decorumof the countenance it wore.
17.2%
Tell me what thy lordly name ison the Night's Plutonian shore!'
17%
For we cannot help agreeingthat no living human being
16.8%
Bird or beast upon the sculptured bustabove his chamber door,
16.2%
Much I marvelled this ungainly fowlto hear discourse so plainly,
16%
Straight I wheeled a cushioned seat in front of bird,and bust and door;
16%
And the Raven, never flitting,still is sitting, still is sitting
15.9%
Ever yet was blest with seeingbird above his chamber door-
15.6%
'Prophet!' said I, 'thing of evil!-prophet still, if bird or devil!-
15.3%
'Doubtless,' said I, 'what it uttersis its only stock and store,
15.1%
Till I scarcely more than muttered,'other friends have flown before-
14.7%
Nothing further then he uttered-not a feather then he fluttered-
14.6%
Startled at the stillness brokenby reply so aptly spoken,
14.2%
'Prophet!' said I, 'thing of evil-prophet still, if bird or devil!
13.9%
Caught from some unhappy masterwhom unmerciful Disaster
13.8%
Beginning of Line End of Line % Correct
Ghastly grim and ancient ravenwandering from the Nightly shore-
13.8%
Clasp a rare and radiant maidenwhom the angels name Lenore.'
13.3%
On the pallid bust of Pallasjust above my chamber door;
13.1%
On the morrow he will leave me,as my hopes have flown before.'
12.1%
But the Raven still beguilingall my fancy into smiling,
11.8%
Take thy beak from out my heart,and take thy form from off my door!'
11.7%
It shall clasp a sainted maidenwhom the angels name Lenore-
11.6%
'Be that word our sign in parting, bird or fiend,'I shrieked, upstarting-
11.4%
By that Heaven that bends above us-by that God we both adore-
11.3%
What this grim, ungainly, ghastly, gauntand ominous bird of yore
11.3%
Swung by Seraphim whose footfallstinkled on the tufted floor.
11.2%
But the raven, sitting lonelyon the placid bust, spoke only
11.1%
Then upon the velvet sinking,I betook myself to linking
10.9%
To the fowl whose fiery eyes nowburned into my bosom's core;
10.8%
And his eyes have all the seemingof a demon's that is dreaming,
10.7%
Whether Tempter sent, or whether tempesttossed thee here ashore,
10.4%
This I sat engaged in guessing,but no syllable expressing
10.4%
Fancy unto fancy, thinkingwhat this ominous bird of yore-
9.9%
Quaff, oh quaff this kind nepentheand forget this lost Lenore!'
9.8%
Is there- is there balm in Gilead?-tell me- tell me, I implore!'
9.6%
This and more I sat divining,with my head at ease reclining
9.2%
Till the dirges of his Hopethat melancholy burden bore
9.2%
'Wretch,' I cried, 'thy God hath lent thee-by these angels he hath sent thee
9.2%
Followed fast and followed fastertill his songs one burden bore-
8.9%
'Get thee back into the tempestand the Night's Plutonian shore!
8.9%
Leave my loneliness unbroken!-quit the bust above my door!
8.8%
Then methought the air grew denser,perfumed from an unseen censer
8.6%
And the lamplight o'er him streamingthrows his shadow on the floor;
8.1%
On the cushion's velvet liningthat the lamplight gloated o'er,
8%
But whose velvet violet liningwith the lamplight gloating o'er,
8%
And my soul from out that shadowthat lies floating on the floor
8%
On this home by horror haunted-tell me truly, I implore-
7.8%
Leave no black plume as a tokenof that lie thy soul hath spoken!
7.5%
Respite- respite and nepenthe,from thy memories of Lenore!
7.5%
Tell this soul with sorrow laden if,within the distant Aidenn,
7.4%
Desolate yet all undaunted,on this desert land enchanted-
7.4%

You're not logged in!

Compare scores with friends on all Sporcle quizzes.
OR
Log In

From the Vault

Progressively Smaller Video Games

by strokes_static

Smaller in size, but not necessarily in scope.
Remove Ads.
Support Sporcle.
Get the best of Sporcle when you Go Orange. This ad-free experience offers more features, more stats, and more fun while also helping to support Sporcle. Thank you for becoming a member.

Show Comments

Extras

Top Quizzes Today


Score Distribution

Your Account Isn't Verified!

In order to create a playlist on Sporcle, you need to verify the email address you used during registration. Go to your Sporcle Settings to finish the process.

Report this User

Report this user for behavior that violates our Community Guidelines.

Details: